Central Library OPAC University of Rajshahi

The geography of frontiers and boundaries / (Record no. 35953)

MARC details
000 -LEADER
fixed length control field 00719nam a22002411 4500
001 - CONTROL NUMBER
control field 35953
003 - CONTROL NUMBER IDENTIFIER
rucl marc code BD-RjUL
005 - DATE AND TIME OF LATEST TRANSACTION
control field 20211209052417.0
008 - FIXED-LENGTH DATA ELEMENTS--GENERAL INFORMATION
fixed length control field 140612s1965 enkb b 000 0 eng d
035 ## - SYSTEM CONTROL NUMBER
System control number (BD-RjUL)36050
040 ## - CATALOGING SOURCE
Original cataloging agency DLC
Transcribing agency DLC
Modifying agency DLC
-- BD-RjUL
Language of cataloging eng
041 ## - LANGUAGE CODE
Language code of text/sound track or separate title eng
082 00 - DEWEY DECIMAL CLASSIFICATION NUMBER
Classification number 320.12
Author mark and year PRG 1965
100 1# - MAIN ENTRY--PERSONAL NAME
Personal name Prescott, J. R. V.
Fuller form of name (John Robert Victor)
9 (RLIN) 109333
245 14 - TITLE STATEMENT
Title The geography of frontiers and boundaries /
Statement of responsibility, etc. J. R. V. Prescott.
260 ## - PUBLICATION, DISTRIBUTION, ETC. (IMPRINT)
Place of publication, distribution, etc. London :
Name of publisher, distributor, etc. Hutchinson University Library ,
Date of publication, distribution, etc. c1965.
300 ## - PHYSICAL DESCRIPTION
Pagination 190 p. :
Illustrations ill. ;
Size 20 cm.
504 ## - BIBLIOGRAPHY, ETC. NOTE
Bibliography, etc Includes bibliographies.
650 #0 - SUBJECT ADDED ENTRY--TOPICAL TERM
Topical term or geographic name as entry element Boundaries.
9 (RLIN) 109450
942 ## - ADDED ENTRY ELEMENTS (KOHA)
Source of classification or shelving scheme Dewey Decimal Classification
Koha item type Books
Holdings
Lost status Source of classification or shelving scheme Damaged status Not for loan Collection code Permanent Location Current Location Shelving location Date acquired Source of acquisition Cost, normal purchase price Total Checkouts Full call number Date last seen Copy number Koha item type
  Dewey Decimal Classification   Not For Loan Non-fiction Central Library, University of Rajshahi Central Library, University of Rajshahi Reading Room 27/11/1967 Zeitlinger 36.00   320.12 PRG 1965 12/06/2014 C-1 Books
  Dewey Decimal Classification     Non-fiction Central Library, University of Rajshahi Central Library, University of Rajshahi   27/11/1967 Zeitlinger 36.00   320.12 PRG 1967 12/06/2014 C-2 Books
  Dewey Decimal Classification     Non-fiction Central Library, University of Rajshahi Central Library, University of Rajshahi   05/09/1967 Zeitlinger 36.00   320.12 PRG 1965 17/06/2014 C-3 Books